000
00238 a2200097 4500
001
31956
100
_a
Bierman H Scott
245
_a
game theory with Economics Applications
260
_a
N.Y
_b
Addison Wesley
_c
1993
090
_c
21480
_d
21480
942
_a
NUST-CAE
_c
M
_c
12759
999
_c
267029
_d
267029